Statistics for famous hockey players by the numbers

Click here to take the quiz!

General Stats

  • This quiz has been taken 32 times
  • The average score is 8 of 15

Answer Stats

number player % Correct
99Wayne Gretzky
96%
87Sidney Crosby
93%
66Mario Lemieux
82%
4Bobby Orr
75%
9Gordie Howe
71%
97Connor McDavid
71%
8Alexander Ovechkin
64%
11Mark Messier
50%
16Brett Hull
46%
9Maurice Richard
46%
33Patrick Roy
46%
9Bobby Hull
43%
17Wendel Clark
0%
7Tim Horton
0%
4Red Kelly
0%

Score Distribution

Percentile by Number Answered

Percent of People with Each Score

Your Score History

You have not taken this quiz